LEADER 01380nam a2200265 u 4500 001 000000110339 003 CaOOAMICUS 005 20080305150755.0 008 080305s1977 it u000 u ita u 020 $a88-8455-433-0 040 $aPUL$bita$dLDB 100 1 $aTombolato, Valdino.$0(OLS)http://pul/name/5716 245 10$aStoria, ragione, fede :$bsaggio sul pensiero di Henri Irénée Marrou /$cValdino Tombolato ; prefazione di Andrea M. Moschetti. 260 $aPadova :$bAntenore,$c1977. 300 $a204 p. ;$c20 cm. 490 1 $aPubblicazioni dell'Istituto di Storia della filosofia e del Centro per ricerche di Filosofia medievale ;$v26 504 $aBibliografia in nota. 600 14$aMarrou, Henri-Irénée,$d1904-1977.$0(OLS)http://pul/subject/15180 830 0$aPubblicazioni dell'Istituto di storia della filosofia e del Centro per ricerche di filosofia medioevale (Università di Padova).$pNuova serie ;$v26.$0(OLS)http://pul/title/5031 850 $aPUL 852 $aPUL$W1$xSL Filosofia 3$y81$m109 COLL 1.26$j126399$qDDC 21$B125123$CPULBib$Z2$F125123 $H106600 $82 941 1 $a9 996 $6020$a88-8455-433-0$9(OLS)http://pul/number/137362 996 $6245$aStoria, ragione, fede :$bsaggio sul pensiero di Henri Irénée Marrou$9(OLS)http://pul/title/138740 996 $6260$aPadova :$bAntenore$9(OLS)http://pul/publisher/48020 LEADER 01393nam a2200325 u 4500 001 000000073509 003 CaOOAMICUS 005 20070226122347.0 008 020710s2001 gw u000 u ger u 020 $a3451021935 035 $a10936231 040 $aPUL$bita 245 04$aDie Aufhebung diktatorischer Unrechtsurteile /$cunter Mitarbeitet von Ernst Feil ... [et al.] hrsg. von Ilona Riedel-Spangenberger. 260 $aFreiburg :$bHerder,$c2001. 300 $a180 p. ;$c22 cm 490 1 $aQuaestiones disputatae ;$v193 500 $aComprende indice. 504 $aBibliografia in nota. 650 4$aDittatura.$0(OLS)http://pul/subject/25749 650 4$aGiustizia.$0(OLS)http://pul/subject/5671 700 1 $aSternberg, Thomas,$d1952-$0(OLS)http://pul/name/41738 700 1 $aRiedel-Spangenberger, Ilona-Ursula.$0(OLS)http://pul/name/38027 830 0$aQuaestiones disputatae (Herder) ;$v193.$0(OLS)http://pul/title/18243 850 $aPUL 852 $aPUL$W1$xSL Religione 2$y84$mTheol A6 193$j94975$nBK-PRI$b $qStampati altre collocazioni$B94975$CPULBib$Z2$F94975 $H $81 941 1 $a10 961 $aINV: 88324 996 $6020$a3451021935$9(OLS)http://pul/number/94851 996 $6245$aDie Aufhebung diktatorischer Unrechtsurteile$9(OLS)http://pul/title/96569 996 $6260$aFreiburg :$bHerder$9(OLS)http://pul/publisher/48354